<?xml version="1.0" encoding="UTF-8"?><?xml-stylesheet type="text/xsl" href="static/style.xsl"?><OAI-PMH xmlns="http://www.openarchives.org/OAI/2.0/" xmlns:xsi="http://www.w3.org/2001/XMLSchema-instance" xsi:schemaLocation="http://www.openarchives.org/OAI/2.0/ http://www.openarchives.org/OAI/2.0/OAI-PMH.xsd"><responseDate>2026-06-06T17:41:49Z</responseDate><request verb="GetRecord" identifier="oai:riuma.uma.es:10630/6731" metadataPrefix="marc">https://riuma.uma.es/rest/oai/request</request><GetRecord><record><header><identifier>oai:riuma.uma.es:10630/6731</identifier><datestamp>2026-02-03T11:19:28Z</datestamp><setSpec>com_10630_2254</setSpec><setSpec>col_10630_37953</setSpec></header><metadata><record xmlns="http://www.loc.gov/MARC21/slim" xmlns:dcterms="http://purl.org/dc/terms/" xmlns:doc="http://www.lyncode.com/xoai" xmlns:xsi="http://www.w3.org/2001/XMLSchema-instance" xsi:schemaLocation="http://www.loc.gov/MARC21/slim http://www.loc.gov/standards/marcxml/schema/MARC21slim.xsd">
   <leader>00925njm 22002777a 4500</leader>
   <datafield ind2=" " ind1=" " tag="042">
      <subfield code="a">dc</subfield>
   </datafield>
   <datafield ind2=" " ind1=" " tag="720">
      <subfield code="a">Casas Serrano, María José</subfield>
      <subfield code="e">author</subfield>
   </datafield>
   <datafield ind2=" " ind1=" " tag="720">
      <subfield code="a">Vico-Vela, Francisco José</subfield>
      <subfield code="e">author</subfield>
   </datafield>
   <datafield ind2=" " ind1=" " tag="260">
      <subfield code="c">2009</subfield>
   </datafield>
   <datafield ind2=" " ind1=" " tag="520">
      <subfield code="a">Indirect encoding methods demand operators that minimize the disruption of conventional operators, widely studied in direct encoding approaches. While some efforts have already been done in this direction, the growing field of Genetics sheds new light on the dynamics of the nucleic acids, and their implications in the evolution of life on Earth. Here we model basic mechanisms of gene duplication and horizontal gene transfer, presenting preliminary results of its application to L-systems evolution. The first interesting finding is that, in the particular simplified framework proposed, most of these operations are only slightly disruptive allowing the structures to evolve without loosing what has been gained in the past. Large populations of L-systems have been evolved to meet simple restrictions on their phenotypic readout. A case-study is described: evolution of a form under changing conditions. Genotypic and phenotypic evolutions are discussed.</subfield>
   </datafield>
   <datafield ind1="8" ind2=" " tag="024">
      <subfield code="a">Casas M, Vico FJ (2009) On the performance of some bioinspired genetic operators in complex structures evolution. In Proceedings of the 2009 Genetic and Evolutionary Computation Conference (GECCO'09), pp. 1841-1842. July 8-12, Montreal (Canada).</subfield>
   </datafield>
   <datafield ind1="8" ind2=" " tag="024">
      <subfield code="a">http://hdl.handle.net/10630/6731</subfield>
   </datafield>
   <datafield tag="653" ind2=" " ind1=" ">
      <subfield code="a">Lindenmayer, Sistemas de</subfield>
   </datafield>
   <datafield ind2="0" ind1="0" tag="245">
      <subfield code="a">On the performance of some bioinspired genetic operators in complex structures evolution</subfield>
   </datafield>
</record>
</metadata></record></GetRecord></OAI-PMH>